| 000 | 00466nam a22001817a 4500 | ||
|---|---|---|---|
| 003 | NUST - PNEC | ||
| 005 | 20170116181107.0 | ||
| 008 | 151003b xxu||||| |||| 00| 0 eng d | ||
| 020 | _a9693524446 | ||
| 020 | _a9789693524444 | ||
| 040 | _cLIBRARY | ||
| 082 | _a910.4 MUS | ||
| 100 |
_912687 _aTāraṛ, Mustanṣir Ḥusain |
||
| 245 |
_aAlaska highway _cMustansir Ḥusain Tārar |
||
| 260 | _cc.2011 | ||
| 650 |
_912689 _aTravel _xGeography |
||
| 942 |
_2ddc _cBK |
||
| 999 |
_c68969 _d68969 |
||